000 00491nam a2200181Ia 4500
005 20250326124230.0
008 250326s9999 xx 000 0 und d
037 _aTextbook
040 _aFMSL
_beng
_cFMSL
041 _aeng
_2eng
084 _aX:513 K3
_qFMSL
100 _aWright J S
_9737053
245 0 _aSpeaking of advertising
_cWright J S; Warner D S
260 _aNY
_bNY, MacGraw-Hill
_c1963
300 _a484p
942 _cTB
_hX:513 K3
999 _c1272866
_d1272866